| 000 | 00506nam a22001337a 4500 | ||
|---|---|---|---|
| 005 | 20241007091123.0 | ||
| 008 | 241007b |||||||| |||| 00| 0 eng d | ||
| 100 |
_aRamos, Romeo T. _eauthor. _962368 |
||
| 245 |
_aEpekto ng resulta ng phil-iri : _bPhilippine informal reading inventory / _cRomeo T. Ramos. |
||
| 260 |
_aPhilippines: _bPublishers Association of the Philippines, Inc., _cFebruary 2019. |
||
| 300 | _aVolume 66, pages 352-354. | ||
| 700 |
_aRamos, Romeo T. _eauthor. _962369 |
||
| 942 |
_2ddc _cPER |
||
| 999 |
_c22262 _d22262 |
||